LEADER 00763nam0-22002891i-450- 001 990001854880403321 005 20021010 035 $a000185488 035 $aFED01000185488 035 $a(Aleph)000185488FED01 035 $a000185488 100 $a20021010d--------km-y0itay50------ba 101 0 $aita 200 1 $aHistoria filosofica de la quimica$fJulio J. Gatti. 210 $as.l.$cs.e.$d1904. 215 $ap. 87-114$d25 cm 610 0 $aChimica - filosofia 676 $a540.1 700 1$aGatti,$bJulio J.$0358263 801 0$aIT$bUNINA$gRICA$2UNIMARC 901 $aBK 912 $a990001854880403321 952 $a60 MISC. B 94$b$fFAGBC 959 $aFAGBC 996 $aHistoria filosofica de la quimica$9413853 997 $aUNINA DB $aING01 LEADER 00958nam0-22003251i-450- 001 990000993690403321 005 20080918103330.0 035 $a000099369 035 $aFED01000099369 035 $a(Aleph)000099369FED01 035 $a000099369 100 $a20001205d1960----km-y0itay50------ba 101 0 $aeng 200 1 $aComputer logic$ethe functional design of digital computers$fIvan Flores 210 $aEnglewood Cliffs [N.J.]$cPrentice-Hall$d1960 215 $a458 p.$cill.$d24 cm 225 1 $aPrentice-Hall electrical engineering series 610 0 $aTeoria della programmazione e utilizzazione dei computers 610 0 $aSoftware 676 $a510.78 700 1$aFlores,$bIvan$025370 801 0$aIT$bUNINA$gRICA$2UNIMARC 901 $aBK 912 $a990000993690403321 952 $a8B-169$b14584$fFI1 952 $a10 C 146$b153 CCE$fDINEL 959 $aFI1 959 $aDINEL 996 $aComputer logic$9354078 997 $aUNINA